000 00574nam a2200169 a 4500
001 000049077
005 20240305073658.0
008 190717s1992 dr g r 000 0 spa d
040 _aDO-SdBNP
_bspa
_cBNPHU
082 _axxxx
_bT597
100 1 _a Mejía-Ricart G., Tirso,
_d1936-2021
_q(Mejía-Ricart Guzmán)
_91569
245 1 0 _aBreve historia dominicana 1492-1992 :
_buna síntesis crítica /
_cTirso Mejía Ricart.
250 _a5a ed. revisada
260 _aSanto Domingo :
_bAlfa y Omega,
_c1992.
300 _a55 p. :
_bmús. ;
_c21 cm.
590 _aInventariado, 2019/BT
999 _c48565
_d48565